[Event "Mecklenburg VP Verbandsliga 2223"]
[Site "Mecklenburg VP"]
[Date "2022.12.11"]
[Round "4.6"]
[White "Jaensch, Robert"]
[Black "Littke, Helmut"]
[Result "0-1"]
[WhiteElo "1756"]
[BlackElo "2054"]
[PlyCount "62"]
[EventDate "2022.10.23"]
[EventType "team-tourn"]
[EventRounds "9"]
[EventCountry "GER"]
[SourceTitle "EXT 2024"]
[Source "ChessBase"]
[SourceDate "2023.10.10"]
[SourceVersion "1"]
[SourceVersionDate "2023.10.10"]
[SourceQuality "1"]
[WhiteTeam "Think Rochade"]
[BlackTeam "Wismar ASV Gruen-Weiss"]
[WhiteTeamCountry "GER"]
[BlackTeamCountry "GER"]

1. e4 c5 2. Nf3 e6 3. d4 cxd4 4. Nxd4 a6 5. a3 Qc7 6. Nc3 Nf6 7. g3 b5 8. Bg2 Bb7 9. 0-0 Bc5 10. Be3 d6 11. Rc1 0-0 12. Bg5 Nbd7 13. Re1 Qb6 14. Be3 Qc7 15. Nb3 Bxe3 16. Rxe3 Ne5 17. Nd2 Rfd8 18. Na2 Rac8 19. Nb4 a5 20. Rc3 Nc4 21. Nxc4 axb4 22. axb4 bxc4 23. b3 d5 24. exd5 Bxd5 25. Bxd5 exd5 26. Qd4 Qb7 27. Rd1 cxb3 28. Rxb3 Rxc2 29. Ra1 Rc4 30. Ra7 Qb8 31. Qa1 Rxb4 0-1

[Event "Rostock SSC 07 op 11th"]
[Site "Rostock"]
[Date "2012.08.03"]
[Round "4"]
[White "Schumann, Rabea"]
[Black "Jaensch, Robert"]
[Result "0-1"]
[WhiteElo "1388"]
[BlackElo "1674"]
[PlyCount "114"]
[EventDate "2012.08.01"]
[EventType "swiss"]
[EventRounds "7"]
[EventCountry "GER"]
[SourceTitle "EXT 2017"]
[Source "ChessBase"]
[SourceDate "2016.10.25"]
[SourceVersion "1"]
[SourceVersionDate "2016.10.25"]
[SourceQuality "1"]

1. c4 Nf6 2. g3 e6 3. Bg2 d5 4. cxd5 exd5 5. e3 c6 6. Ne2 Bf5 7. Nbc3 Nbd7 8. d4 Bd6 9. 0-0 0-0 10. Bd2 Nb6 11. b3 Qd7 12. Re1 Rae8 13. Rc1 g6 14. Na4 Nxa4 15. bxa4 Ne4 16. Nc3 Nxd2 17. Qxd2 Qd8 18. e4 dxe4 19. Bxe4 Bxe4 20. Nxe4 Bc7 21. Re2 f5 22. Nc5 Rxe2 23. Qxe2 Re8 24. Qc4+ Qd5 25. Qxd5+ cxd5 26. Nxb7 Bb6 27. Nc5 Rc8 28. Kf1 Kf7 29. Ke2 Ke7 30. Kd2 Rc7 31. Rc2 Kd6 32. Nb3 Rc4 33. Kd3 Rxa4 34. f3 a5 35. h3 Ra3 36. Ke2 a4 37. Nc5 Bxc5 38. dxc5+ Kc6 39. Kf2 d4 40. h4 Rc3 41. Rd2 Kxc5 42. Ke2 Kc4 43. Rb2 a3 44. Rd2 Re3+ 45. Kf2 Kc3 46. Rd1 Rd3 47. Rc1+ Kb2 48. Re1 Rd2+ 49. Kf1 Kxa2 50. Re6 Kb2 51. Rb6+ Ka1 52. Ke1 Rb2 53. Ra6 a2 54. Kd1 Kb1 55. g4 fxg4 56. fxg4 a1Q 57. Rxa1+ Kxa1 0-1

[Event "Rostock SSC 07 op 10th"]
[Site "Rostock"]
[Date "2011.08.06"]
[Round "5"]
[White "Jaensch, Robert"]
[Black "Stutz, Reno"]
[Result "0-1"]
[WhiteElo "1656"]
[BlackElo "2021"]
[PlyCount "98"]
[EventDate "2011.08.03"]
[EventType "swiss"]
[EventRounds "7"]
[EventCountry "GER"]
[SourceTitle "EXT 2017"]
[Source "ChessBase"]
[SourceDate "2016.10.25"]
[SourceVersion "1"]
[SourceVersionDate "2016.10.25"]
[SourceQuality "1"]

1. e4 c5 2. Nf3 a6 3. c4 Nc6 4. Nc3 e6 5. g3 Nge7 6. Bg2 g6 7. d3 Bg7 8. 0-0 0-0 9. Rb1 Rb8 10. Bd2 b5 11. b3 b4 12. Ne2 a5 13. Qc1 Bb7 14. Bh6 e5 15. h3 d6 16. Nh2 f5 17. Bxg7 Kxg7 18. f3 a4 19. g4 f4 20. g5 axb3 21. axb3 Ra8 22. Ra1 Na5 23. Qb2 Nec6 24. h4 Bc8 25. Ng4 Bxg4 26. fxg4 Qd7 27. Bf3 Nd4 28. Nxd4 exd4 29. Ra4 Nc6 30. Rfa1 Rxa4 31. Rxa4 Ne5 32. Kg2 Nxg4 33. Qa1 Rf7 34. Ra8 Ne3+ 35. Kh2 Ng4+ 36. Kg2 Ne5 37. Qf1 Qb7 38. Ra4 Qd7 39. Qd1 Rf8 40. Qa1 Rb8 41. Qd1 Rb7 42. Qe2 Ra7 43. Bg4 Qf7 44. Bf3 Rxa4 45. bxa4 Qd7 46. Qd1 Nxf3 47. Qxf3 b3 48. Qxf4 b2 49. Qf1 Qg4+ 0-1

[Event "Rostock SSC 07 op 10th"]
[Site "Rostock"]
[Date "2011.08.05"]
[Round "4"]
[White "Friedel, Roland"]
[Black "Jaensch, Robert"]
[Result "0-1"]
[WhiteElo "1762"]
[BlackElo "1656"]
[PlyCount "54"]
[EventDate "2011.08.03"]
[EventType "swiss"]
[EventRounds "7"]
[EventCountry "GER"]
[SourceTitle "EXT 2017"]
[Source "ChessBase"]
[SourceDate "2016.10.25"]
[SourceVersion "1"]
[SourceVersionDate "2016.10.25"]
[SourceQuality "1"]

1. d4 Nf6 2. Nf3 e6 3. Bg5 Be7 4. Nbd2 d5 5. e3 0-0 6. Bd3 h6 7. Bh4 b6 8. e4 dxe4 9. Nxe4 Bb7 10. Nxf6+ Bxf6 11. Bxf6 Qxf6 12. Be2 Nc6 13. c3 Rad8 14. Qc2 Rfe8 15. 0-0 e5 16. dxe5 Nxe5 17. Nxe5 Qxe5 18. Bg4 Qg5 19. Qf5 Re5 20. Qxg5 Rxg5 21. Bh3 Rd3 22. g3 Rd2 23. f4 Rh5 24. Rfd1 Rxb2 25. Bg4 Rhxh2 26. Rd8+ Kh7 27. Rd7 Rh1# 0-1

[Event "Rostock SSC 07 op 10th"]
[Site "Rostock"]
[Date "2011.08.04"]
[Round "3"]
[White "Jaensch, Robert"]
[Black "Gawle, Ireneusz"]
[Result "1/2-1/2"]
[WhiteElo "1656"]
[BlackElo "1925"]
[PlyCount "56"]
[EventDate "2011.08.03"]
[EventType "swiss"]
[EventRounds "7"]
[EventCountry "GER"]
[SourceTitle "EXT 2017"]
[Source "ChessBase"]
[SourceDate "2016.10.25"]
[SourceVersion "1"]
[SourceVersionDate "2016.10.25"]
[SourceQuality "1"]

1. e4 e5 2. Nf3 Nc6 3. Bc4 Nf6 4. Ng5 d5 5. exd5 Na5 6. Bb5+ c6 7. dxc6 bxc6 8. Be2 h6 9. Nf3 e4 10. Ne5 Bd6 11. d4 exd3 12. Nxd3 Qc7 13. 0-0 Bxh2+ 14. Kh1 h5 15. Bd2 Ng4 16. f3 Nc4 17. Qc1 Nxd2 18. Qxd2 Ba6 19. Nc3 0-0-0 20. fxg4 hxg4 21. Bxg4+ Kb8 22. Bh3 c5 23. Qf2 Bb7 24. Nb5 Rxh3 25. Nxc7 Bxc7+ 26. Kg1 Bh2+ 27. Kh1 Bg3+ 28. Kg1 Bh2+ 1/2-1/2

[Event "Mecklenburg VP LL2 Ost 0910"]
[Site "Mecklenburg VP"]
[Date "2010.03.28"]
[Round "6.4"]
[White "Toedtmann, Helmut"]
[Black "Jaensch, Robert"]
[Result "1/2-1/2"]
[WhiteElo "1680"]
[BlackElo "1720"]
[PlyCount "30"]
[EventDate "2009.10.18"]
[EventType "team-tourn"]
[EventRounds "9"]
[EventCountry "GER"]
[SourceTitle "EXT 2016"]
[Source "ChessBase"]
[SourceDate "2015.10.08"]
[SourceVersion "1"]
[SourceVersionDate "2015.10.08"]
[SourceQuality "1"]
[WhiteTeam "Saal Waterkant"]
[BlackTeam "Rostock SSC 07 III"]
[WhiteTeamCountry "GER"]
[BlackTeamCountry "GER"]

1. e4 e5 2. Nf3 Nc6 3. Bc4 Nf6 4. Ng5 Bc5 5. Bxf7+ Ke7 6. Bd5 Rf8 7. 0-0 d6 8. h3 Qe8 9. d3 Qg6 10. Bxc6 bxc6 11. Kh2 h6 12. Nf3 Nh5 13. Nh4 Qf7 14. g4 Nf6 15. Nf5+ Bxf5 1/2-1/2

[Event "Mecklenburg VP LL2 Ost 0910"]
[Site "Mecklenburg VP"]
[Date "2009.12.13"]
[Round "4.3"]
[White "Jaensch, Robert"]
[Black "Rickmann, Niklas"]
[Result "1/2-1/2"]
[WhiteElo "1720"]
[BlackElo "1678"]
[PlyCount "39"]
[EventDate "2009.10.18"]
[EventType "team-tourn"]
[EventRounds "9"]
[EventCountry "GER"]
[SourceTitle "EXT 2016"]
[Source "ChessBase"]
[SourceDate "2015.10.08"]
[SourceVersion "1"]
[SourceVersionDate "2015.10.08"]
[SourceQuality "1"]
[WhiteTeam "Rostock SSC 07 III"]
[BlackTeam "Stralsund FHSG II"]
[WhiteTeamCountry "GER"]
[BlackTeamCountry "GER"]

1. e4 e6 2. d4 d5 3. Nc3 Bb4 4. e5 c5 5. a3 Bxc3+ 6. bxc3 Ne7 7. Qg4 Qc7 8. Bd3 cxd4 9. Ne2 dxc3 10. 0-0 Nbc6 11. f4 Bd7 12. Nxc3 Nxe5 13. Qxg7 N5g6 14. Bxg6 Nxg6 15. f5 Qe5 16. Qxe5 Nxe5 17. fxe6 Bxe6 18. Re1 Nc6 19. Nxd5 0-0-0 20. Nb4 1/2-1/2

[Event "Mecklenburg VP LL2 Ost 0910"]
[Site "Mecklenburg VP"]
[Date "2009.11.15"]
[Round "2.5"]
[White "Jaensch, Robert"]
[Black "Schellner, Ulf"]
[Result "0-1"]
[WhiteElo "1720"]
[BlackElo "1565"]
[PlyCount "37"]
[EventDate "2009.10.18"]
[EventType "team-tourn"]
[EventRounds "9"]
[EventCountry "GER"]
[SourceTitle "EXT 2016"]
[Source "ChessBase"]
[SourceDate "2015.10.08"]
[SourceVersion "1"]
[SourceVersionDate "2015.10.08"]
[SourceQuality "1"]
[WhiteTeam "Rostock SSC 07 III"]
[BlackTeam "Wolgast Motor"]
[WhiteTeamCountry "GER"]
[BlackTeamCountry "GER"]

1. e4 e6 2. Nf3 Nc6 3. Bc4 Be7 4. Nc3 Nf6 5. d3 0-0 6. 0-0 d6 7. h3 Bd7 8. Bg5 a6 9. Qd2 Na5 10. Bb3 Nxb3 11. axb3 h6 12. Bh4 Nxe4 13. Bxe7 Nxd2 14. Bxd8 Nxf3+ 15. gxf3 Raxd8 16. h4 Bc6 17. Kg2 f5 18. Na2 Rf6 19. h5 0-1

[Event "Mecklenburg VP LL2 Ost 0910"]
[Site "Mecklenburg VP"]
[Date "2009.10.18"]
[Round "1.4"]
[White "Jaensch, Robert"]
[Black "Schreiner, Wolfgang"]
[Result "0-1"]
[WhiteElo "1720"]
[BlackElo "1842"]
[PlyCount "54"]
[EventDate "2009.10.18"]
[EventType "team-tourn"]
[EventRounds "9"]
[EventCountry "GER"]
[SourceTitle "EXT 2016"]
[Source "ChessBase"]
[SourceDate "2015.10.08"]
[SourceVersion "1"]
[SourceVersionDate "2015.10.08"]
[SourceQuality "1"]
[WhiteTeam "Rostock SSC 07 III"]
[BlackTeam "Waren"]
[WhiteTeamCountry "GER"]
[BlackTeamCountry "GER"]

1. e4 c5 2. Nf3 e6 3. d4 cxd4 4. Nxd4 Nf6 5. f3 a6 6. Be3 Qc7 7. Be2 d5 8. exd5 Nxd5 9. Bf2 Nf4 10. 0-0 Bd6 11. Re1 Nxe2+ 12. Rxe2 Bxh2+ 13. Kh1 0-0 14. Qe1 Bd6 15. Nd2 Nc6 16. Ne4 Nxd4 17. Bxd4 Be7 18. Rc1 Bd7 19. g4 Qf4 20. Qf1 Bc6 21. Be3 Qe5 22. Nc3 Qg3 23. Ne4 Bxe4 24. fxe4 Qxg4 25. Bf4 Bg5 26. Bxg5 Qxg5 27. Rh2 Rad8 0-1

[Event "Mecklenburg VP LL2 Ost 0809"]
[Site "Mecklenburg VP"]
[Date "2009.03.15"]
[Round "8.8"]
[White "Macherius, Uwe"]
[Black "Jaensch, Robert"]
[Result "0-1"]
[WhiteElo "1613"]
[BlackElo "1577"]
[PlyCount "110"]
[EventDate "2008.09.28"]
[EventType "team-tourn"]
[EventRounds "9"]
[EventCountry "GER"]
[SourceTitle "EXT 2022"]
[Source "ChessBase"]
[SourceDate "2021.10.06"]
[SourceVersion "1"]
[SourceVersionDate "2021.10.06"]
[SourceQuality "1"]
[WhiteTeam "Wolgast Motor"]
[BlackTeam "Rostock SSC 07 III"]
[WhiteTeamCountry "GER"]
[BlackTeamCountry "GER"]

1. e4 c5 2. Nf3 d6 3. d4 cxd4 4. Nxd4 Nf6 5. Nc3 a6 6. a4 g6 7. Bc4 Bg7 8. f3 0-0 9. Be3 Bd7 10. Qd2 Nc6 11. Nxc6 Bxc6 12. g4 Rc8 13. Bb3 Qd7 14. h4 h5 15. g5 Ne8 16. Bd4 Nc7 17. Bxg7 Kxg7 18. 0-0-0 Ne6 19. a5 Nc5 20. Bd5 Bxd5 21. Qxd5 Qc7 22. Qd4+ Kg8 23. Qb4 Rfd8 24. Rd2 e6 25. Rhd1 Qc6 26. Qb6 Qxb6 27. axb6 Rc6 28. b4 Nb3+ 29. cxb3 Rxc3+ 30. Kb2 Rc6 31. Rd4 Rxb6 32. Kc3 Kf8 33. R1d3 Ke7 34. f4 Rc8+ 35. Kb2 Rbc6 36. Rd2 Ra8 37. R2d3 b5 38. Rd2 a5 39. bxa5 Rxa5 40. b4 Ra8 41. R2d3 Rca6 42. Kc1 Ra1+ 43. Kd2 R8a2+ 44. Ke3 Rh1 45. Rd2 Rh3+ 46. Kf2 Rxd2+ 47. Rxd2 Rh2+ 48. Ke3 Rxh4 49. Ra2 Rh3+ 50. Kd4 Rb3 51. Ra7+ Kf8 52. e5 Rxb4+ 53. Kc3 Rc4+ 54. Kd3 dxe5 55. fxe5 Rg4 0-1

[Event "Mecklenburg VP LL2 Ost 0708"]
[Site "Mecklenburg VP"]
[Date "2008.02.10"]
[Round "6.5"]
[White "Jaensch, Robert"]
[Black "Rickmann, Niklas"]
[Result "1/2-1/2"]
[WhiteElo "1615"]
[BlackElo "1621"]
[PlyCount "76"]
[EventDate "2007.10.21"]
[EventType "team-tourn"]
[EventRounds "9"]
[EventCountry "GER"]
[SourceTitle "EXT 2016"]
[Source "ChessBase"]
[SourceDate "2015.10.08"]
[SourceVersion "1"]
[SourceVersionDate "2015.10.08"]
[SourceQuality "1"]
[WhiteTeam "Rostock SSC 07 III"]
[BlackTeam "Stralsund FHSG II"]
[WhiteTeamCountry "GER"]
[BlackTeamCountry "GER"]

1. e4 e6 2. d4 d5 3. Be3 Nf6 4. e5 Nfd7 5. Bd3 c5 6. c3 Nc6 7. f4 Qb6 8. Nf3 Qxb2 9. 0-0 c4 10. Be2 Be7 11. Qc1 Qxc1 12. Bxc1 0-0 13. Ba3 Bxa3 14. Nxa3 a6 15. Nc2 Nb6 16. a4 Nd7 17. a5 Rb8 18. Rfb1 f6 19. Bd1 fxe5 20. fxe5 b5 21. axb6 Rxb6 22. Ng5 Re8 23. Bh5 g6 24. Bg4 Rxb1+ 25. Rxb1 Nf8 26. Rb6 Nd8 27. Nb4 a5 28. Na6 Bxa6 29. Rxa6 h6 30. Nf3 Nb7 31. h4 Re7 32. Nd2 Kf7 33. Nb1 h5 34. Bd1 Nd7 35. Na3 Nb8 36. Ra7 Nc6 37. Ra6 Nb8 38. Ra7 Nc6 1/2-1/2

[Event "Mecklenburg VP LL2 Ost 0708"]
[Site "Mecklenburg VP"]
[Date "2007.10.21"]
[Round "1.6"]
[White "Jaensch, Robert"]
[Black "Meyer, Jan"]
[Result "1/2-1/2"]
[WhiteElo "1615"]
[BlackElo "1702"]
[PlyCount "91"]
[EventDate "2007.10.21"]
[EventType "team-tourn"]
[EventRounds "9"]
[EventCountry "GER"]
[SourceTitle "EXT 2016"]
[Source "ChessBase"]
[SourceDate "2015.10.08"]
[SourceVersion "1"]
[SourceVersionDate "2015.10.08"]
[SourceQuality "1"]
[WhiteTeam "Rostock SSC 07 III"]
[BlackTeam "Warnemuende SF Ostsee II"]
[WhiteTeamCountry "GER"]
[BlackTeamCountry "GER"]

1. e4 c6 2. d4 d5 3. e5 Bf5 4. Nc3 e6 5. g4 Bg6 6. Nge2 Bb4 7. h4 Be4 8. Rh3 h6 9. Be3 Nd7 10. a3 Bxc3+ 11. Nxc3 Bg6 12. Qd2 Qc7 13. 0-0-0 0-0-0 14. Bd3 Ne7 15. Ne2 h5 16. f3 Bxd3 17. Qxd3 Ng6 18. Bg5 Rdf8 19. Nf4 Nxf4 20. Bxf4 Qa5 21. Bd2 Qa4 22. g5 Nb6 23. Bb4 Rd8 24. b3 Qb5 25. Qxb5 cxb5 26. f4 Kd7 27. Rc3 Rc8 28. Rdd3 Rxc3 29. Rxc3 Rc8 30. Rxc8 Nxc8 31. Kd2 b6 32. Kd3 g6 33. c4 a5 34. Be1 Kc6 35. c5 Ne7 36. b4 a4 37. Bf2 Nf5 38. Kc3 Ng7 39. Kd3 Ne8 40. Kc3 Nc7 41. Kd3 Na6 42. Kc3 Kb7 43. Kd3 Kc7 44. Kc3 Kc6 45. Kd3 bxc5 46. dxc5 1/2-1/2